000 00470pab a2200169 454500
008 180718b2007 xxu||||| |||| 00| 0 eng d
100 _aMashelkar, R.A.
245 _aMaking technologies work for the poor: the Indian perspective
260 _c2007
300 _ap.37-43.
362 _aJan-Jun
650 _aScience and technology - India
650 _aScience and technology
773 _aASTI Journal of Training and Development
908 _aN
909 _a75584
999 _c75584
_d75584